V znamení kvetov

Bibliographic Details
Main Author: Horeličanová, Lucia (Author)
Format: Article
Language:Slovak
Subjects:

MARC

LEADER 00000nab a2200000 a 4500
001 vtls009525444
003 SK-MaSNL
005 20260303060544.0
008 090613 2009 xo || |||| ||slo
015 |a SNBRB2009/06  |2 snkbucl 
038 |a SNKBUCL 
040 |a SNKBUCL  |b slo  |e AACR2  |c SNKBUCL 
041 0 |a slo 
044 |a xo  |c SK 
080 |a 635.92.054  |2 2001 
100 1 |a Horeličanová, Lucia  |4 aut  |9 1031792 
245 1 0 |a V znamení kvetov  |c Lucia Horeličanová 
300 |b Fotogr., tab. 
650 0 7 |a okrasné dreviny  |2 snkbucl  |9 3727 
650 0 7 |a pestovanie okrasných rastlín  |2 snkbucl  |9 3953 
773 0 |t Záhradkár  |g Roč. XLV, č. 5 (2009), s. 23-25  |x 0862-5565 
852 |a SNK  |b KIS3GCP 
999 |c 1731908  |d 1733838